000 00658nam a2200241Ia 4500
003 OSt
005 20221006144630.0
006 a|||||r|||| 00| 0
007 ta
008 221006b |||||||| |||| 00| 0 eng d
020 _c
_2.50
024 _a12,196
037 _cTextual
040 _aEASL
_cEASL
_beng
041 _2eng
_aeng
082 _aV41.N1, F6
100 _aMACNAIR Harley Farnsworth
245 0 _aChina's international relations and other essays
260 _aShanghai
_bCommercial Press China
_c1926
300 _a326p.
_ccm.
942 _hV41.N1, F6
_cTEXL
_2CC
999 _c1080282
_d1080282